Fleurs coupées à recouper en biseau au couteau et à stocker en chambre - Statistiques

Statistiques générales
  • Ce quiz a été pris 29 fois
  • Le résultat moyen est 59 sur 113
Statistiques - réponses
Par images Réponse % Correct
Chardon
89%
Piment
89%
Muguet
84%
Renoncule
84%
Rudbeckia
79%
Amaranthe
74%
Chou
74%
Lilium hybride
74%
Lys asiatique
74%
Rose
74%
Tournesol
74%
Capsicum annuum
68%
Eryngium planum
68%
Œillet
68%
Tulipe
68%
Amaryllis
63%
Arum
63%
Calla
63%
Cosmos
63%
Gerbera
63%
Iris
63%
Lys
63%
Nigelle
63%
Physalis
63%
Pivoine
63%
Allium
58%
Amaranthus caudatus
58%
Anémone
58%
Convallaria majalis
58%
Dahlia
58%
Freesia
58%
Giroflée
58%
Gypsophile
58%
Millepertuis
58%
Molucelle
58%
Muscari
58%
Ornithogale
58%
Ornithogalum arabicum
58%
Pois de senteur
58%
Rosa hybride
58%
Tulipa hybride
58%
Zantedeschia hybride
58%
Amaranthe queue de renard
53%
Bouvardia
53%
Célosie
53%
Crête de coq
53%
Gerbera jamesonii
53%
Glaïeul
53%
Gypsophila paniculata
53%
Helianthus annuus
53%
Kniphofia
53%
Liatris
53%
Limonium
53%
Limonium
53%
Ornithogale
53%
Ornithogale
53%
Scabieuse
53%
Scabieuse
53%
Scille
53%
Sedum
53%
Sedum spectabile
53%
Symphorine
53%
Trachelium
53%
Zantedeschia aethiopica
53%
Aconit
47%
Agapanthe
47%
Ageratum
47%
Alstroemère
47%
Alstroemeria hybride
47%
Boule de neige
47%
Carthamus
47%
Crocosmia hybride
47%
Eustoma russelianum
47%
Freesia hybride
47%
Hellebore
47%
Hellebore
47%
Helleborus niger
47%
Hippeastrum hybride
47%
Hypericum hybride
47%
Lilium longiflorum
47%
Lisianthus
47%
Lys oriental
47%
Montbretia
47%
Muflier
47%
Reine des prés
47%
Wax-flower
47%
Camomille
42%
Campanule
42%
Dianthus caryophyllus
42%
Gentiane
42%
Iris germanica
42%
Lilium hybride
42%
Lupin
42%
Marguerite d'automne
42%
Nérine
42%
Ornithogalum dubium
42%
Phlox
42%
Souci
42%
Aconit
37%
Dianthus barbatus
37%
Eremurus
37%
Œillet de poète
37%
Ornithogalum thyrsoides
37%
Alchemille
32%
Iris des fleuristes
32%
Muscari armeniacum
32%
Achillée
26%
Gladiolus hybride
26%
Pied d'alouette annuel
26%
Pied d'alouette vivace
26%
Veronica
26%
Reine marguerite
21%
Iris xyphium
16%
Aucun quiz correspondant
Distribution des résultats
% des personnes avec chaque résultat
Percentile par nombre de réponses
Votre historique - résultats
Vous n’avez pas pris ce quiz